Novell Linux Certification Practicum : Lab Manual /

Ejercicios de práctica para los exámenes de certificación como profesional y como ingeniero capaz de instalar, configurar y administrar los sistemas operativos Linux de la familia Novell, en tres diferentes niveles: Novell Linux Desktop, SUSE Linux Enterprise Server 9, Advanced SUSE Linux Enterprise...

Popoln opis

Shranjeno v:
Bibliografske podrobnosti
Glavni avtor: Dulaney, Emmett (autor)
Format: Knjiga
Jezik:angleščina
Izdano: Indianápolis, EUA : Novell, 2006, c2006
Serija:(Certification Novell)
Teme:
Oznake: Označite
Brez oznak, prvi označite!

MARC

LEADER 00000nam^a2200000^a^4500
001 000187083
005 20250521000000.0
009 20260310102247.705
020 |a 0-672-32840-2 
037 |a Acervo ITESO - Biblioteca 
041 |a ING 
082 |a 005. 43078  |b DUL 
100 |a Dulaney, Emmett  |e (autor) 
245 1 0 |a Novell Linux Certification Practicum :  |b Lab Manual /  |c E. Dulaney. 
264 4 |a Indianápolis, EUA :  |b Novell,  |c 2006, c2006 
300 |a X, 182 p. +  |e 1 DVD de computadora de doble cara 
336 |a texto  |b txt  |2 rdacontenido 
337 |a sin mediación  |b n  |2 rdamedio 
338 |a volumen  |b nc  |2 rdasoporte 
440 1 |a (Certification Novell) 
520 |a Ejercicios de práctica para los exámenes de certificación como profesional y como ingeniero capaz de instalar, configurar y administrar los sistemas operativos Linux de la familia Novell, en tres diferentes niveles: Novell Linux Desktop, SUSE Linux Enterprise Server 9, Advanced SUSE Linux Enterprise Server 9. 
649 |a XX 
650 |a Guía de Estudio 
650 |a Apoyos Didácticos 
650 |a Normalización y Certificación 
650 |a Sistemas Operativos -  |x Problemas, Ejercicios, etc. 
650 |a Sistemas Computacionales -  |x Problemas, Ejercicios, etc. 
650 |a Redes de Computadoras -  |x Administración 
650 |a Comunicación en Red 
650 |a Ingeniería Computacional 
910 |a Fondo General 
920 |a Impresos - Libros 
930 |a Colección General 
905 |a 101 
901 |a 0500129245  |b IT1  |c ACC  |u 20250521 
901 |a 0500138240  |b IT1  |c ACC  |u 20250521 
901 |a 0500226937  |b IT2  |c DWS  |u 20250521 
901 |a 0500226934  |b IT2  |c DWS  |u 20250521 
902 |a https://opac.biblio.iteso.mx/vufind/Record/000187083